[Event "POL-ChT3"]
[Site "Lazy POL"]
[Date "2012.09.04"]
[Round "4"]
[White "Gomulka, Jaroslaw"]
[Black "Banach, Wieslaw"]
[Result "1-0"]
[WhiteElo "2107"]
[BlackElo "2086"]
[EventDate "2012.09.01"]
[PlyCount "119"]

1.c4 e6 2.Nc3 d5 3.cxd5 exd5 4.Nf3 Nf6 5.d4 Be7 6.Bf4 c6 7.e3 O-O 8.Bd3 
Nbd7 9.O-O Re8 10.Qc2 Nf8 11.h3 Ng6 12.Bg3 Bd6 13.Bxd6 Qxd6 14.Rab1 Bd7 
15.b4 Rac8 16.Rfc1 b6 17.Qb3 Kh8 18.Ng5 Be6 19.Qc2 Nf8 20.Ba6 Rb8 21.Na4 
h6 22.Nf3 Ng6 23.Bd3 Ne4 24.Nc3 f5 25.Ne2 Rbc8 26.Qb2 Bd7 27.a4 Rb8 28.Qc2
Rf8 29.Rb2 Rbe8 30.a5 f4 31.Nxf4 Nxf4 32.exf4 Rxf4 33.Bxe4 Rfxe4 34.Ne5 
Kg8 35.Qc3 Re6 36.axb6 axb6 37.Ra2 Rf4 38.Ra8+ Rf8 39.Ra7 Be8 40.Qg3 Re7 
41.Nxc6 Rd7 42.Qxd6 Rxd6 43.Ne5 Rf5 44.Rcc7 g5 45.g3 Rdf6 46.Rg7+ Kf8 47.
Rh7 Kg8 48.Ng4 Bf7 49.Nxf6+ Rxf6 50.Rhxf7 Rxf7 51.Rxf7 Kxf7 52.g4 Kg6 53.
Kg2 b5 54.Kg3 Kf6 55.f4 Kg6 56.fxg5 hxg5 57.h4 Kf6 58.hxg5+ Kxg5 59.Kf3 
Kg6 60.Kf4 1-0

[Event "POL-ChT3"]
[Site "Lazy POL"]
[Date "2012.09.04"]
[Round "4"]
[White "Dzwikowski, Adam"]
[Black "Stepien, Marcin"]
[Result "0-1"]
[WhiteElo "2018"]
[BlackElo "2132"]
[EventDate "2012.09.01"]
[PlyCount "60"]

1.c4 c5 2.g3 Nc6 3.Bg2 g6 4.e3 Bg7 5.Ne2 Nf6 6.Nbc3 O-O 7.O-O d6 8.b3 Rb8 
9.Bb2 Bf5 10.d3 Qc8 11.Re1 Ne5 12.Nf4 g5 13.Ncd5 Nxd5 14.Nxd5 Qd7 15.e4 
Bg4 16.Qd2 e6 17.Bxe5 dxe5 18.h3 exd5 19.hxg4 dxc4 20.Qxg5 cxd3 21.Rad1 b5
22.Qh5 c4 23.g5 Rfd8 24.Bh3 Qd6 25.Re3 Qg6 26.Qh4 h6 27.gxh6 Qxh6 28.Qg4 
c3 29.Rdxd3 Rxd3 30.Rxd3 c2 0-1

[Event "POL-ChT3"]
[Site "Lazy POL"]
[Date "2012.09.04"]
[Round "4"]
[White "Zareba, Radoslaw"]
[Black "Kujawski, Jan"]
[Result "1/2-1/2"]
[WhiteElo "2049"]
[BlackElo "2106"]
[EventDate "2012.09.01"]
[PlyCount "117"]

1.b3 Nf6 2.Bb2 g6 3.e3 Bg7 4.c4 O-O 5.Nf3 c6 6.d4 d5 7.Bd3 Bg4 8.O-O e6 9.
Nbd2 Nbd7 10.Qc2 Bxf3 11.Nxf3 Rc8 12.Rac1 Re8 13.Rfd1 Bf8 14.h4 Bd6 15.Ng5
Nf8 16.e4 Bf4 17.Rb1 Bxg5 18.hxg5 Nxe4 19.Bxe4 dxe4 20.Bc1 h6 21.gxh6 f5 
22.g3 Kh7 23.Qe2 Qf6 24.Kg2 g5 25.Re1 Ng6 26.Qh5 g4 27.Qg5 Qxg5 28.Bxg5 
Rc7 29.Rbd1 Rd7 30.Rd2 Rg8 31.Red1 Nh8 32.Be3 b6 33.a4 Nf7 34.a5 Kg6 35.
axb6 axb6 36.d5 exd5 37.cxd5 c5 38.b4 Ne5 39.bxc5 bxc5 40.Bxc5 Nd3 41.Be3 
Rxd5 42.Rb1 Rgd8 43.Ra2 R8d7 44.Ra6+ Kh7 45.Kf1 Ne5 46.Ke2 Rf7 47.Rab6 Ng6
48.Rb7 Rdd7 49.Rxd7 Rxd7 50.Rb6 Rf7 51.Re6 Ne7 52.Bg5 Nd5 53.Rd6 Nb4 54.
Ke3 Nd3 55.Re6 Kg8 56.Bf6 Kh7 57.Bg7 Nc5 58.Re8 Nd3 59.Re6 1/2-1/2

[Event "POL-ChT3"]
[Site "Lazy POL"]
[Date "2012.09.04"]
[Round "4"]
[White "Golek, Jagoda"]
[Black "Krokay, Urszula"]
[Result "1/2-1/2"]
[WhiteElo "2061"]
[BlackElo "1868"]
[EventDate "2012.09.01"]
[PlyCount "80"]

1.e4 e5 2.Nf3 Nc6 3.Bb5 a6 4.Ba4 Nf6 5.Bxc6 bxc6 6.d3 d6 7.Nc3 g6 8.O-O 
Bg7 9.d4 exd4 10.Nxd4 O-O 11.f3 c5 12.Nde2 Nd7 13.Be3 Ne5 14.b3 a5 15.Qd2 
Re8 16.Rad1 Bb7 17.h3 Nc6 18.Nd5 Nb4 19.Nec3 Nxd5 20.Nxd5 Bxd5 21.Qxd5 a4 
22.Qc4 axb3 23.axb3 Qf6 24.Bf2 Reb8 25.Qd5 Ra7 26.f4 Qc3 27.e5 Qxc2 28.
exd6 cxd6 29.Qxd6 Qxb3 30.Bxc5 Bf8 31.Qd4 Bxc5 32.Qxc5 Qb6 33.Qxb6 Rxb6 
34.Rd8+ Kg7 35.Rd3 Rb2 36.Rdf3 f5 37.R3f2 Rb3 38.Rf3 Rb2 39.R1f2 Rb1+ 40.
Rf1 Rb2 1/2-1/2

[Event "POL-ChT3"]
[Site "Lazy POL"]
[Date "2012.09.04"]
[Round "4"]
[White "Sopur, Lech"]
[Black "Jagodzinski, Piotr"]
[Result "1-0"]
[WhiteElo "2423"]
[BlackElo "2167"]
[EventDate "2012.09.01"]

1.Nf3 Nf6 2.c4 g6 3.Nc3 Bg7 4.d4 c5 5.d5 d6 6.g3 O-O 7.Bg2 Na6 8.O-O Nc7 
9.a4 Rb8 10.Qd3 a6 11.e4 b5 12.axb5 axb5 13.cxb5 Bd7 14.Re1 Nxb5 15.h3 Ne8
16.Nxb5 Bxb5 17.Qc2 Nc7 18.Bd2 Na6 19.Bc3 Qb6 20.Qd2 Nb4 21.Bxb4 cxb4 22.
Qxb4 Bd7 23.Qxb6 Rxb6 24.Ra7 Rd8 25.e5 Kf8 26.Rc1 Ke8 27.e6 fxe6 28.Ng5 
Bh6 29.dxe6 Bxe6 30.Rc6 Rc8 31.Rxb6 Rc1+ 32.Kh2 Bxg5 33.Be4 Re1 34.Bf3 Bf6
35.Ra4 Rb1 36.Rab4 Kf7 37.Kg2 Be5 38.Bg4 Bd5+ 39.Bf3 Be6 40.R6b5 Bf6 41.
Bg4 Rc1 42.Bxe6+ Kxe6 43.Re4+ Kf7 44.Re2 Bd4 45.Rb7 Bf6 46.b4 Rb1 47.f4 
Rb3 48.h4 h5 49.Rd2 Ke6 50.Rb5 Kf7 51.Re2 d5 52.Rxd5 Rxb4 53.Ra2 Rb8 54.
Kh3 Rb3 55.Rf2 Re3 56.Rb5 Kg7 57.Ra5 Kf7 58.f5 g5 59.hxg5 Bxg5 60.f6 Bxf6 
61.Rxh5 Kg6 62.Rhf5 Ra3 63.R5f4 Ra5 64.Rg4+ Kf7 65.Rc2 Ra8 66.Rc5 Ra2 67.
Rc8 Bg7 68.Rg5 Ra3 69.Kg4 Bf6 70.Rf5 Kg6 71.Rf4 Ra5 72.Rc2 Rb5 73.Rcf2 Ra5
74.Rf5 Ra1 75.Rb5 Ra4+ 76.Rf4 Ra1 77.Kh3 Ra3 78.Rg4+ Kf7 79.Rh5 Ra1 80.
Rh7+ Ke6 81.Kg2 Kf5 82.Rg8 Ra4 83.Kh3 Ra3 84.Rf7 Rb3 85.Rff8 Ra3 86.Rf7 
Rb3 87.Rh7 Ra3 88.Rh6 Rb3 89.Rg4 Ra3 90.Rf4+ Kg5 91.Rfh4 Kf5 92.R4h5+ Ke6 
93.Rh7 Rb3 94.Ra5 Rc3 95.Kg4 Rc4+ 96.Kh5 Be5 97.g4 Rc1 98.Kg6 Rf1 99.Rxe5+
1-0

[Event "POL-ChT3"]
[Site "Lazy POL"]
[Date "2012.09.04"]
[Round "4"]
[White "Goluch, Piotr"]
[Black "Rawski, Slawomir"]
[Result "1-0"]
[WhiteElo "2239"]
[BlackElo "2185"]
[EventDate "2012.09.01"]

1.Nf3 e6 2.c4 d5 3.g3 Nf6 4.Bg2 c6 5.b3 Nbd7 6.O-O Be7 7.Bb2 O-O 8.d3 b5 
9.Nbd2 Rb8 10.e4 Nb6 11.Be5 Rb7 12.Rc1 dxc4 13.dxc4 Rd7 14.Bxf6 gxf6 15.c5
Na8 16.b4 a5 17.a3 Nc7 18.Qe2 Na6 19.Rb1 Qc7 20.e5 fxe5 21.Nb3 f6 22.Nxa5 
Nxc5 23.Nxc6 Qxc6 24.Nxe5 Qd6 25.Nxd7 Nxd7 26.Rfe1 Ne5 27.Qxb5 Ba6 28.Qa4 
Bc4 29.Rbd1 Nd3 30.Re3 Nb2 31.Rxd6 Nxa4 32.Rc6 Nb2 33.Rxc4 Nxc4 34.Rxe6 
Rd8 35.Rxe7 Rd1+ 36.Bf1 Nd2 37.Kg2 Nxf1 38.b5 Rb1 39.b6 Kf8 40.Rxh7 Rxb6 
41.Kxf1 1-0

[Event "POL-ChT3"]
[Site "Lazy POL"]
[Date "2012.09.04"]
[Round "4"]
[White "Walkusz, Witoslaw"]
[Black "Kalvaitis, Sigitas"]
[Result "1-0"]
[WhiteElo "2126"]
[BlackElo "2233"]
[EventDate "2012.09.01"]

1.e4 e6 2.d3 d5 3.Nd2 Nf6 4.Ngf3 Be7 5.g3 O-O 6.Bg2 c5 7.O-O Nc6 8.e5 Ne8 
9.Re1 b5 10.Nf1 b4 11.a3 Nc7 12.h4 a5 13.a4 Rb8 14.b3 Ba6 15.N1h2 Na8 16.
Bf4 Rc8 17.Bh3 Nd4 18.Rc1 Nxf3+ 19.Nxf3 c4 20.d4 cxb3 21.cxb3 Rxc1 22.Qxc1
Qc8 23.Bg5 Bxg5 24.Nxg5 Qxc1 25.Rxc1 Rc8 26.Rxc8+ Bxc8 27.f4 Nb6 28.Bf1 
Bd7 29.Bd3 Bxa4 30.Bxh7+ Kf8 31.bxa4 Nxa4 32.Bc2 Nc3 33.Nf3 a4 34.Nd2 b3 
35.Bxb3 axb3 36.Nxb3 g6 37.Kf2 Kg7 38.Nc5 Nb5 39.Ke3 Kh6 40.Nb7 Kg7 41.Nd6
Na7 42.g4 Nc6 43.f5 gxf5 44.gxf5 Nb4 45.f6+ Kg8 46.h5 Nc2+ 47.Kd3 Ne1+ 48.
Ke2 Nc2 49.Nb5 Kh7 50.Kd2 Nb4 51.Nd6 Kg8 52.h6 Nc6 53.Nxf7 Nxd4 54.Ng5 1-0

[Event "POL-ChT3"]
[Site "Lazy POL"]
[Date "2012.09.04"]
[Round "4"]
[White "Cajbel, Maciej"]
[Black "Kanarkiewicz, Michal"]
[Result "1-0"]
[WhiteElo "2237"]
[BlackElo "2096"]
[EventDate "2012.09.01"]

1.e4 Nf6 2.Nc3 d5 3.exd5 Nxd5 4.Bc4 c6 5.Qf3 e6 6.Ne4 Nd7 7.d4 N7f6 8.Ne2 
Be7 9.O-O O-O 10.c3 Nxe4 11.Qxe4 Nf6 12.Qf3 Qb6 13.a4 a5 14.Nf4 Bd7 15.Re1
Qc7 16.Nd3 b5 17.Bb3 bxa4 18.Bf4 Qb6 19.Bxa4 c5 20.dxc5 Bxc5 21.Nxc5 Qxc5 
22.Be5 Bxa4 23.Rxa4 Nd7 24.Bd4 Qb5 25.Rea1 e5 26.c4 Qb8 27.Bc3 Nb6 28.Rxa5
Rxa5 29.Rxa5 Nxc4 30.Ra1 h6 31.h3 Qb5 32.Qd3 Qb3 33.Qd5 Rb8 34.Ra7 Kh8 35.
Qxf7 Rg8 36.Kh2 Qb6 37.Rb7 Qa6 38.Ra7 Qb6 39.Rb7 Qa6 40.Rc7 Qd6 41.Qxc4 
Re8 1-0

[Event "POL-ChT3"]
[Site "Lazy POL"]
[Date "2012.09.04"]
[Round "4"]
[White "Zdrojewski, Wojciech"]
[Black "Czachor, Radoslaw"]
[Result "1-0"]
[WhiteElo "2166"]
[BlackElo "2063"]
[EventDate "2012.09.01"]

1.d4 d5 2.Nf3 Nf6 3.c4 dxc4 4.Qa4+ Nc6 5.Qxc4 Be6 6.Qd3 Bd5 7.e3 Bxf3 8.
gxf3 e5 9.dxe5 Qxd3 10.Bxd3 Nxe5 11.Be2 O-O-O 12.f4 Bb4+ 13.Bd2 Bxd2+ 14.
Nxd2 Nd3+ 15.Bxd3 Rxd3 16.Ke2 Rhd8 17.Nf3 Ne4 18.Rac1 b6 19.Rc2 Kb7 20.Nd4
Nc5 21.b4 R3xd4 22.exd4 Ne6 23.Ke3 Nxd4 24.Rc4 Nf5+ 25.Kf3 g6 26.Rhc1 Rd7 
27.Kg4 f6 28.R1c2 Rd3 29.Rxc7+ Ka6 30.Rxh7 Nd4 31.Rb2 Kb5 32.Rxa7 Ne6 33.
f3 Rd4 34.a4+ Kc4 35.b5 Kc3 36.Rb1 Kc2 37.Re1 Nxf4 38.Kg3 g5 39.Re4 Rd2 
40.Kg4 Rd5 41.Rf7 Nd3 42.Rxf6 Nf2+ 43.Kh5 Nxe4 44.fxe4 Re5 45.Rxb6 Rxe4 
46.a5 Kc3 47.a6 Ra4 48.Rb7 Kd4 49.a7 Ke5 50.Kxg5 Ra2 51.b6 Rg2+ 52.Kh4 
Rxh2+ 53.Kg3 1-0

[Event "POL-ChT3"]
[Site "Lazy POL"]
[Date "2012.09.04"]
[Round "4"]
[White "Ogonowska, Katarzyna"]
[Black "Maszota, Natalia"]
[Result "1-0"]
[WhiteElo "1846"]
[BlackElo "2116"]
[EventDate "2012.09.01"]

1.e4 d6 2.d4 g6 3.c3 Bg7 4.Be3 Nd7 5.Bc4 Ngf6 6.f3 c6 7.Qd2 d5 8.exd5 Nxd5
9.Bh6 O-O 10.Ne2 Re8 11.Bxg7 Kxg7 12.O-O b5 13.Bxd5 cxd5 14.a4 bxa4 15.
Rxa4 Nb6 16.Ra2 Nc4 17.Qc1 Qb6 18.Nf4 e6 19.Re1 a5 20.Nxd5 Qc6 21.Ne3 Nb6 
22.Nd2 e5 23.Nc2 Qd5 24.Ra1 Bb7 25.dxe5 Rxe5 26.Rxe5 Qxe5 27.Qe1 Qc7 28.
Nd4 Nd5 29.Qg3 Qb6 30.Nc4 Qc5 31.Nd6 Qc6 32.Kh1 Rd8 33.Ne4 Qb6 34.Qe5+ Kg8
35.Nf6+ Nxf6 36.Qxf6 Rc8 37.Re1 Qc5 38.Ne6 1-0

[Event "POL-ChT3"]
[Site "Lazy POL"]
[Date "2012.09.04"]
[Round "4"]
[White "Licznerski, Lukasz"]
[Black "Jurkiewicz, Krzysztof"]
[Result "1/2-1/2"]
[WhiteElo "2306"]
[BlackElo "2314"]
[EventDate "2012.09.01"]

1.e4 e6 2.d4 d5 3.Nd2 dxe4 4.Nxe4 Nd7 5.Nf3 Ngf6 6.Ng3 c5 7.Bd3 cxd4 8.
Nxd4 Bc5 9.Nb3 Be7 10.O-O Ne5 11.Bb5+ Bd7 12.Qe2 Nc6 13.Bf4 a6 14.Bxc6 
Bxc6 15.c4 O-O 16.Rfd1 Qc8 17.Nf5 exf5 18.Qxe7 Re8 19.Qd6 Re6 20.Qd3 Nh5 
21.Bd2 Be4 22.Qh3 g6 23.Qc3 Rd6 24.Bh6 Qd7 25.Rxd6 Qxd6 26.f3 Bc6 27.Qd4 
Rd8 28.Qxd6 Rxd6 29.Na5 f6 30.Nxc6 bxc6 31.Re1 Kf7 32.Be3 Ng7 33.Bc5 Rd7 
34.Kf1 Ne6 35.Be3 f4 36.Bb6 Rb7 37.c5 Rd7 38.Re4 Rd4 39.Ke2 Rxe4+ 40.fxe4 
Ng5 41.Kd3 f3 42.gxf3 Nxf3 43.Bc7 Ke6 44.Kc4 1/2-1/2

[Event "POL-ChT3"]
[Site "Lazy POL"]
[Date "2012.09.04"]
[Round "4"]
[White "Zielinski, Maciej"]
[Black "Gralka, Julian"]
[Result "1/2-1/2"]
[WhiteElo "2073"]
[BlackElo "2231"]
[EventDate "2012.09.01"]
[PlyCount "81"]

1.e4 e5 2.Nf3 Nc6 3.Bc4 Bc5 4.c3 Nf6 5.d3 O-O 6.O-O d6 7.Bb3 a6 8.Nbd2 Ba7
9.Nc4 h6 10.Be3 Be6 11.Bxa7 Rxa7 12.Re1 Re8 13.Ne3 Ra8 14.Bxe6 Rxe6 15.Qb3
Rb8 16.Nd5 Re8 17.Nxf6+ Qxf6 18.Rad1 Qe6 19.Qxe6 Rxe6 20.Kf1 Rd8 21.Nd2 d5
22.Nb3 b6 23.f3 a5 24.Nd2 d4 25.Ke2 a4 26.a3 Na5 27.Rc1 dxc3 28.Rxc3 c5 
29.Rf1 g5 30.g3 Nc6 31.Nc4 Nd4+ 32.Kd2 b5 33.Ne3 b4 34.axb4 cxb4 35.Rc4 
Rb8 36.f4 a3 37.fxe5 Nb3+ 38.Kc2 Na5 39.bxa3 bxa3 40.Ra4 Rb2+ 41.Kc3 
1/2-1/2

[Event "POL-ChT3"]
[Site "Lazy POL"]
[Date "2012.09.04"]
[Round "4"]
[White "Wozniak, Marcin"]
[Black "Zielinski, Stanislaw"]
[Result "0-1"]
[WhiteElo "2215"]
[BlackElo "2133"]
[EventDate "2012.09.01"]
[PlyCount "74"]

1.c4 e5 2.g3 Nc6 3.Bg2 g6 4.Nc3 Bg7 5.e3 Nge7 6.Nge2 O-O 7.O-O d6 8.Rb1 
Bf5 9.d3 Qd7 10.Re1 Rae8 11.b4 h6 12.b5 Nd8 13.Ba3 Kh7 14.Bh1 Bg4 15.Qa4 
f5 16.c5 f4 17.f3 Bf5 18.e4 Bh3 19.b6 Ndc6 20.cxd6 cxd6 21.gxf4 axb6 22.
Rxb6 exf4 23.Reb1 Ra8 24.Qb3 Nd4 25.Qb4 Nc2 26.Qxd6 Nxa3 27.Qxd7 Bxd7 28.
R1b3 Bc8 29.d4 Nc4 30.R6b4 Nd6 31.e5 Ndf5 32.Nxf4 Nc6 33.Rb6 Nfxd4 34.Rxc6
bxc6 35.Nfe2 Nxb3 36.axb3 Bxe5 37.Ne4 Bf5 0-1

[Event "POL-ChT3"]
[Site "Lazy POL"]
[Date "2012.09.04"]
[Round "4"]
[White "Bugalski, Michal"]
[Black "Bokiej, Przemyslaw"]
[Result "1-0"]
[WhiteElo "2183"]
[BlackElo "2189"]
[EventDate "2012.09.01"]

1.d4 e6 2.Nf3 Nf6 3.g3 d5 4.c4 Be7 5.Bg2 O-O 6.O-O c6 7.Qc2 dxc4 8.Qxc4 b5
9.Qc2 Bb7 10.Nc3 Qb6 11.Be3 Nd5 12.Nxd5 cxd5 13.Ne5 Rc8 14.Qd2 Qd8 15.f4 
f6 16.Nd3 Nd7 17.Bf2 Rc4 18.b3 Rcc8 19.Rfd1 a5 20.Qe3 Ra6 21.Bh3 f5 22.g4 
g6 23.gxf5 exf5 24.Rac1 Ba3 25.Rxc8 Qxc8 26.Bh4 Nf6 27.Bxf6 Rxf6 28.Ne5 
Qc2 29.Qd2 Qxd2 30.Rxd2 Rf8 31.Rc2 Rc8 32.Rxc8+ Bxc8 33.Bg2 Bb7 34.e3 Kg7 
35.Bf1 b4 36.Bb5 Bc1 37.Kf2 g5 38.Nd3 Bd2 39.fxg5 Kg6 40.Ne5+ Kh5 41.Be8+ 
1-0

[Event "POL-ChT3"]
[Site "Lazy POL"]
[Date "2012.09.04"]
[Round "4"]
[White "Gralka, Przemyslaw"]
[Black "Zielinski, Wojciech"]
[Result "1/2-1/2"]
[WhiteElo "2289"]
[BlackElo "2097"]
[EventDate "2012.09.01"]

1.d4 e6 2.Nf3 Nf6 3.Bf4 d5 4.e4 Bd6 5.Ne5 Qe7 6.Nd2 c5 7.c3 Nc6 8.Bg3 cxd4
9.cxd4 Bb4 10.Bd3 Nxe5 11.dxe5 Nxe4 12.Bxe4 dxe4 13.O-O Bxd2 14.Qxd2 Bd7 
15.Rfd1 Bc6 16.Qd6 Rd8 17.Qxe7+ Kxe7 18.Bh4+ f6 19.exf6+ gxf6 20.b3 Rxd1+ 
21.Rxd1 Rc8 22.Rd2 Bd5 23.Kf1 a5 24.Ke2 a4 25.bxa4 Rc4 26.Rd4 Rc3 27.Kd2 
Ra3 28.Kc2 Rxa2+ 29.Kc3 Bc6 30.Kb3 Ra1 31.Rb4 e5 32.Kc4 Ke6 33.Kc5 Rxa4 
34.Rxa4 Bxa4 35.Kb6 Bc6 36.Kc5 Ke7 37.Kb6 Be8 38.Kc5 Bc6 39.Kb6 Kf7 40.Kc5
Ke6 41.Kb6 Kf7 1/2-1/2

[Event "POL-ChT3"]
[Site "Lazy POL"]
[Date "2012.09.04"]
[Round "4"]
[White "Jurkiewicz, Joanna"]
[Black "Wesolowska, Edyta"]
[Result "1-0"]
[WhiteElo "1814"]
[BlackElo "1951"]
[EventDate "2012.09.01"]

1.e4 e5 2.Nf3 Nc6 3.Bc4 Bc5 4.c3 Nf6 5.d4 exd4 6.cxd4 Bb4+ 7.Bd2 Bxd2+ 8.
Nbxd2 d5 9.exd5 Nxd5 10.Qb3 Nce7 11.O-O O-O 12.Rfe1 c6 13.Nf1 h6 14.Ne3 
Nb6 15.Bd3 Be6 16.Qc2 Qd6 17.Rad1 Rad8 18.Nf5 Nxf5 19.Bxf5 Bxf5 20.Qxf5 
Qb4 21.Re2 Rd5 22.Qf4 c5 23.a3 Qa4 24.Rd3 Qc4 25.Qd2 Rfd8 26.Re7 cxd4 27.
Rxb7 Qa6 28.Re7 Nc4 29.Qf4 f5 30.Qc7 Qf6 31.Qxa7 Nb6 32.Re1 R5d7 33.Qa5 
Rd5 34.Qb4 g5 35.Red1 Rc8 36.h3 g4 37.hxg4 fxg4 38.Ne1 Rf8 39.R1d2 Rh5 40.
Rxd4 Qh4 1-0

[Event "POL-ChT3"]
[Site "Lazy POL"]
[Date "2012.09.04"]
[Round "4"]
[White "Mickiewicz, Piotr"]
[Black "Steczek, Marcin"]
[Result "1-0"]
[WhiteElo "2363"]
[BlackElo "2409"]
[EventDate "2012.09.01"]

1.e4 c6 2.d4 d5 3.Nc3 dxe4 4.Nxe4 Nf6 5.Nxf6+ gxf6 6.c3 Bf5 7.Nf3 Qc7 8.g3
e6 9.Bg2 Nd7 10.O-O O-O-O 11.Nh4 Bg6 12.Qe2 Bd6 13.a4 f5 14.a5 Nf6 15.a6 
b6 16.c4 Bh5 17.Qc2 Be7 18.Bf4 Qd7 19.Nf3 Bxf3 20.Bxf3 Bd6 21.Bg5 Be7 22.
Rfd1 Qc7 23.Qa4 c5 24.dxc5 bxc5 25.Qb5 Nd5 26.cxd5 Bxg5 27.d6 Rxd6 28.Rxd6
Qxd6 29.Qb7+ Kd8 30.Rd1 Bd2 31.Qa8+ 1-0

[Event "POL-ChT3"]
[Site "Lazy POL"]
[Date "2012.09.04"]
[Round "4"]
[White "Perdek, Miroslaw"]
[Black "Walaszczyk, Witold"]
[Result "1/2-1/2"]
[WhiteElo "2236"]
[BlackElo "2210"]
[EventDate "2012.09.01"]

1.e4 g6 2.d4 Bg7 3.c4 d6 4.Nc3 Nf6 5.Nf3 O-O 6.Be2 Nbd7 7.O-O e5 8.Be3 Re8
9.d5 h6 10.Ne1 a5 11.Nd3 b6 12.f3 Nf8 13.Qd2 g5 14.Kh1 Ng6 15.g3 Nh7 16.
Nf2 Rf8 17.Bd3 h5 18.Qc2 Qf6 19.Qe2 h4 20.Ng4 Qe7 21.Rae1 Bxg4 22.fxg4 Qd7
23.Nd1 hxg3 24.hxg3 Nf6 25.Rf5 Ne7 26.Rxg5 Nh7 27.Rh5 Nf6 28.Rh3 Nxg4 29.
Rh4 Nxe3 30.Nxe3 Ng6 31.Rh2 f6 32.Qh5 Kf7 33.Nf5 Rh8 34.Qg4 Rxh2+ 35.Kxh2 
Rh8+ 36.Kg2 Qa4 37.Ne3 Qe8 38.Nf5 Rh7 39.Rh1 Rxh1 40.Kxh1 Qh8+ 41.Kg2 Qh7 
42.Be2 Nf8 43.Nh4 Qh6 44.Qc8 Qd2 45.Qxc7+ Kg8 46.Kf3 Nh7 47.Qc8+ Bf8 48.
Qe6+ Kh8 49.Qg4 Ng5+ 50.Kg2 Qc2 51.Qh5+ Kg8 52.Qg6+ 1/2-1/2

[Event "POL-ChT3"]
[Site "Lazy POL"]
[Date "2012.09.04"]
[Round "4"]
[White "Swiatnicki, Andrzej"]
[Black "Piotrowski, Przemyslaw"]
[Result "1-0"]
[WhiteElo "2127"]
[BlackElo "1965"]
[EventDate "2012.09.01"]

1.d4 Nf6 2.Nc3 g6 3.Bg5 Bg7 4.Qd2 d5 5.Bh6 Bxh6 6.Qxh6 Nc6 7.O-O-O Bf5 8.
f3 Nb4 9.g4 Bxc2 10.Rd2 c5 11.e3 Qa5 12.Bb5+ Kd8 13.Qg7 Rg8 14.Qxf7 cxd4 
15.Rxd4 Rc8 16.Nge2 Bb3 17.Kd2 Nxa2 18.Ra1 Qb6 19.Rxa2 Bxa2 20.g5 Kc7 21.
gxf6 Kb8 22.fxe7 a6 23.e8=Q Rgxe8 24.Bxe8 Qxb2+ 25.Ke1 1-0

[Event "POL-ChT3"]
[Site "Lazy POL"]
[Date "2012.09.04"]
[Round "4"]
[White "Czyz, Artur"]
[Black "Smagalski, Slawomir"]
[Result "0-1"]
[WhiteElo "2031"]
[BlackElo "2028"]
[EventDate "2012.09.01"]
[PlyCount "51"]

1.e4 e5 2.Nf3 Nc6 3.d4 exd4 4.Nxd4 Bc5 5.Nb3 Bb6 6.Nc3 d6 7.a4 a6 8.Nd5 
Ba7 9.Bg5 Nge7 10.Qh5 Be6 11.O-O-O Qd7 12.Qh4 Bxd5 13.exd5 Ne5 14.Be2 N7g6
15.Qg3 Qxa4 16.f4 Nd7 17.Bd3 O-O 18.f5 Nge5 19.Be2 f6 20.Be3 Bxe3+ 21.Qxe3
Nb6 22.Rd4 Qa2 23.Qf4 a5 24.Kd2 Qxb2 25.g4 a4 26.Nc1 0-1

[Event "POL-ChT3"]
[Site "Lazy POL"]
[Date "2012.09.04"]
[Round "4"]
[White "Swiatnicka, Malgorzata"]
[Black "Poznanska, Katarzyna"]
[Result "0-1"]
[WhiteElo "1819"]
[BlackElo "2086"]
[EventDate "2012.09.01"]

1.e4 c5 2.c3 d5 3.exd5 Qxd5 4.d4 e6 5.Nf3 Nf6 6.Be3 cxd4 7.cxd4 Bb4+ 8.Nc3
O-O 9.Bd3 Qa5 10.Qc2 Nc6 11.O-O Bd6 12.a3 Bd7 13.Rfe1 Rac8 14.Rac1 Ne7 15.
Qe2 Bc6 16.Bd2 Qh5 17.Ne4 Nxe4 18.Bxe4 Nd5 19.Ne5 Qxe2 20.Rxe2 Bb5 21.Ree1
b6 22.Rxc8 Rxc8 23.Rc1 Rxc1+ 24.Bxc1 f6 25.Bxd5 exd5 26.Ng4 Kf7 27.Ne3 Ke6
28.g3 f5 29.f4 Be7 30.Kf2 Bf6 31.Bd2 Bxd4 32.Bc3 Bc5 33.Bxg7 d4 34.Nd1 Kd5
35.Kf3 Kc4 36.Ke2 a5 37.Kd2 Kb3 38.h3 Bf1 39.Nf2 Kxb2 40.g4 Kxa3 41.gxf5 
Bb4+ 42.Kd1 d3 43.Ne4 Bxh3 44.f6 Be6 45.Kc1 h5 46.f7 Bxf7 47.Bb2+ Kb3 0-1

[Event "POL-ChT3"]
[Site "Lazy POL"]
[Date "2012.09.04"]
[Round "4"]
[White "Rawicz, Karol"]
[Black "Weichhold, Pawel"]
[Result "1/2-1/2"]
[WhiteElo "2250"]
[BlackElo "2374"]
[EventDate "2012.09.01"]

1.Nf3 Nf6 2.g3 g6 3.Bg2 Bg7 4.O-O O-O 5.d4 d6 6.Re1 Nc6 7.d5 Na5 8.Nc3 c6 
9.e4 cxd5 10.exd5 Bd7 11.b3 Rc8 12.Bb2 Re8 13.Nd4 Ng4 14.h3 Ne5 15.Nce2 
Qb6 16.Rb1 e6 17.Nf4 Kh8 18.Kh1 Qc7 19.c4 Nexc4 20.dxe6 Nxb2 21.exd7 Rxe1+
22.Qxe1 Qxd7 23.Qxa5 Bxd4 24.Qd2 Bc3 25.Qe2 Qe8 26.Rxb2 Bxb2 27.Qxb2+ Qe5 
28.Qd2 b5 29.Kh2 Kg7 30.Nd5 h5 31.h4 Rc5 32.Nf4 Rc8 33.Ne2 Rc5 34.Nd4 a5 
35.Bf3 a4 36.Kg2 a3 37.Qb4 Kh7 38.Ba8 Rc8 39.Nf3 Qb2 40.Ng5+ Kg7 41.Be4 
Rc5 42.Bd3 Qxa2 43.Qd4+ Re5 44.Nf3 Qxb3 45.Nxe5 dxe5 46.Qxe5+ Kh7 47.Bxb5 
a2 48.Qf6 Kg8 1/2-1/2

[Event "POL-ChT3"]
[Site "Lazy POL"]
[Date "2012.09.04"]
[Round "4"]
[White "Kulon, Klaudia"]
[Black "Muc, Marcin"]
[Result "1-0"]
[WhiteElo "2264"]
[BlackElo "2165"]
[EventDate "2012.09.01"]

1.c4 e6 2.g3 Nf6 3.Bg2 d5 4.Nf3 Be7 5.O-O O-O 6.b3 c5 7.cxd5 Nxd5 8.Bb2 
Nc6 9.Nc3 Bf6 10.Rc1 Nxc3 11.Bxc3 e5 12.d3 Be6 13.e3 Qd7 14.Qe2 Bg4 15.Qb2
Rfe8 16.Nd2 Be2 17.Rfe1 Bxd3 18.Ne4 Bxe4 19.Bxe4 Rad8 20.Red1 Qg4 21.Rxd8 
Nxd8 22.f3 Qd7 23.Qc2 g6 24.Rd1 Qe7 25.Qd3 Ne6 26.Qb5 Rd8 27.Rxd8+ Nxd8 
28.a4 Qd6 29.Kg2 b6 30.a5 bxa5 31.Bxa5 Ne6 32.Bd3 Bd8 33.Bc3 Nc7 34.Qc4 
Nd5 35.Bd2 Bf6 36.Kf2 Kg7 37.Ke2 Bd8 38.Qa4 Bb6 39.Bc4 Kf8 40.Qa6 Qd7 41.
g4 e4 42.Qa1 exf3+ 43.Kxf3 Qd6 44.Qh8+ Ke7 45.Qxh7 Bc7 46.g5 Kd7 47.Qxf7+ 
Ne7 48.Bc3 Qd1+ 49.Be2 Qh1+ 50.Kf2 Qxh2+ 51.Ke1 Qg3+ 52.Kd2 Qxg5 53.Bb5+ 
Kd6 54.Bc4 Qf5 55.Bf6 Ba5+ 56.Kc1 Qe4 57.Bg5 Qh1+ 58.Bf1 Nd5 59.Qxg6+ Ke5 
60.Qf7 Qg1 61.Qg7+ Kf5 62.e4+ Kxe4 63.Qg6+ Kf3 64.Qf5+ Kg3 65.Qh3+ 1-0

[Event "POL-ChT3"]
[Site "Lazy POL"]
[Date "2012.09.04"]
[Round "4"]
[White "Fistek, Dariusz"]
[Black "Adamowicz, Maciej"]
[Result "1/2-1/2"]
[WhiteElo "2242"]
[BlackElo "1985"]
[EventDate "2012.09.01"]
[PlyCount "80"]

1.d4 g6 2.Nf3 Bg7 3.c4 c5 4.d5 d6 5.g3 a6 6.a4 Qa5+ 7.Bd2 Qb6 8.Ra2 a5 9.
Nc3 Na6 10.Bg2 Nb4 11.Ra1 Bf5 12.Rc1 Nf6 13.O-O h5 14.Nh4 Bd7 15.Bf4 O-O-O
16.e4 Ng4 17.h3 Ne5 18.Bxe5 Bxe5 19.f4 Bg7 20.Qe2 Bh6 21.Rce1 Rhg8 22.Nf3 
g5 23.fxg5 Bxg5 24.Nxg5 Rxg5 25.Kh2 f6 26.Bf3 Rdg8 27.Rg1 Be8 28.h4 R5g7 
29.g4 hxg4 30.Bxg4+ Kb8 31.Be6 Rxg1 32.Rxg1 Rh8 33.Kh3 Qd8 34.Rg3 Bh5 35.
Qg2 Qf8 36.Qd2 Bf7 37.Bxf7 Qxf7 38.Qf4 Qh7 39.Nb5 b6 40.Qg4 Qh6 1/2-1/2

[Event "POL-ChT3"]
[Site "Lazy POL"]
[Date "2012.09.04"]
[Round "4"]
[White "Kamieniecki, Tomasz"]
[Black "Lusio, Daniel"]
[Result "1/2-1/2"]
[WhiteElo "1992"]
[BlackElo "1861"]
[EventDate "2012.09.01"]

1.d4 Nf6 2.c4 g6 3.Nc3 c5 4.d5 d6 5.e4 Bg7 6.f3 Na6 7.Be3 Nc7 8.Nge2 Bd7 
9.Ng3 a6 10.a4 Rb8 11.Qd2 b5 12.Be2 O-O 13.O-O bxa4 14.Nxa4 Rb4 15.Nc3 Qb8
16.Ra2 Qb7 17.e5 Nfe8 18.f4 Qa7 19.Nge4 f5 20.exf6 exf6 21.g4 f5 22.gxf5 
Bxf5 23.Ng3 Bh3 24.Rf2 Na8 25.Nce4 Qb6 26.Bd3 Nf6 27.Nxf6+ Bxf6 28.f5 Rb3 
29.fxg6 hxg6 30.Bh6 Qd8 31.Bxg6 Bd4 32.Qxd4 cxd4 33.Rxf8+ Qxf8 34.Bxf8 
Kxf8 35.Rxa6 Nb6 36.Ra3 Rxb2 37.Rf3+ Kg8 38.Bf5 Bxf5 39.Nxf5 Nxc4 40.Nxd4 
Rd2 41.Rf4 Ne3 42.Nf5 Nxd5 43.Rd4 Rxd4 44.Nxd4 1/2-1/2

[Event "POL-ChT3"]
[Site "Lazy POL"]
[Date "2012.09.04"]
[Round "4"]
[White "Wozny, Tomasz"]
[Black "Malaczek, Mateusz"]
[Result "1/2-1/2"]
[WhiteElo "1783"]
[BlackElo "1816"]
[EventDate "2012.09.01"]

1.d4 Nf6 2.c4 c5 3.d5 b5 4.Nf3 d6 5.Qc2 g6 6.e4 bxc4 7.Bxc4 Bg7 8.O-O O-O 
9.Re1 Ba6 10.Nbd2 Bxc4 11.Nxc4 Na6 12.a3 Qc7 13.Bf4 Rfd8 14.Rad1 Nh5 15.
Bd2 Qb7 16.Bc3 Nf6 17.Qa4 Nc7 18.Ba5 Rd7 19.Bxc7 Rxc7 20.e5 dxe5 21.Rxe5 
Ne8 22.d6 Nxd6 23.Nxd6 exd6 24.Re8+ Rxe8 25.Qxe8+ Bf8 26.Rxd6 Re7 27.Qc6 
Qxb2 28.h4 Qb7 29.Qa4 Re4 30.Qd7 Qxd7 31.Rxd7 Ra4 32.Ng5 c4 33.Nxf7 c3 34.
Ne5 Rxa3 35.Ng4 Bg7 36.Rc7 h5 37.Rc8+ Kf7 38.Ne3 Bd4 39.Nc2 Ra4 40.Nxd4 
Rxd4 41.Rxc3 Rg4 42.Rc7+ Kf6 43.f3 1/2-1/2

[Event "POL-ChT3"]
[Site "Lazy POL"]
[Date "2012.09.04"]
[Round "4"]
[White "Adamowicz, Katarzyna"]
[Black "Sygulska, Anna"]
[Result "1-0"]
[WhiteElo "2109"]
[BlackElo "1898"]
[EventDate "2012.09.01"]

1.e4 c5 2.Nf3 Nc6 3.d4 cxd4 4.Nxd4 Nf6 5.Nc3 g6 6.Nxc6 dxc6 7.Qxd8+ Kxd8 
8.Bg5 Nd7 9.Bc4 f6 10.Be3 e5 11.O-O-O Kc7 12.g3 Nb6 13.Be2 Be6 14.b3 Ba3+ 
15.Kb1 Rad8 16.f4 Bd6 17.Kb2 f5 18.Bd3 Rhf8 19.Rhf1 exf4 20.Bxf4 Bxf4 21.
Rxf4 fxe4 22.Rxf8 Rxf8 23.Nxe4 Bf5 24.Nc5 Bg4 25.Re1 Rf2 26.h3 Bc8 27.Ne4 
Rf8 28.Ng5 Rd8 29.Nxh7 Bxh3 30.Re7+ Bd7 31.Rg7 Nd5 32.Bxg6 Kb6 33.Ng5 Ne3 
34.Nf7 Rf8 35.Nd6 Rd8 36.Bd3 a6 37.Nc4+ Nxc4+ 38.Bxc4 Bf5 39.g4 Be4 40.Kc3
Rh8 41.g5 c5 42.Re7 Rh3+ 43.Kb2 Bh7 44.g6 Bxg6 45.Re6+ Ka7 46.Rxg6 b5 47.
Bd3 Re3 48.a4 c4 49.bxc4 bxa4 50.Ka3 Re1 51.c5 Re5 52.Rxa6+ Kb7 53.c6+ Kc7
54.Kxa4 1-0